000
00297nam a22001337a 4500
008
210303b ||||| |||| 00| 0 eng d
020
_a
9780070576957
041
_a
eng
080
_a
621
100
_a
26
101
_a
MEK
245
_a
Telecommunications Protocols
_c
Russell,T
942
_2
udc
_c
BK
999
_c
55643
_d
55643